| 000 | 00492 a2200169 4500 | ||
|---|---|---|---|
| 082 |
_a363.34 _bJIL-b _cDisaster Risk Management |
||
| 110 | _aJilla Daibi Prakop Uddhar Samiti | ||
| 245 | _aBipad utthanshil Tanahun 10 barshe ranitipatra 2070 | ||
| 260 |
_aTanahun _bJilla Daibi Prakop Uddhar Samiti _c2071 |
||
| 300 | _aVI, 22p. | ||
| 650 | _aDistrict | ||
| 650 | _aTanahun | ||
| 650 | _aDisaster Risk Reduction | ||
| 650 | _aDRM | ||
| 653 | _aDisaster Risk Management | ||
| 942 |
_2ddc _cDRM |
||
| 999 |
_c73405 _d73394 |
||